| 000 | 00322cam a22001097a 4500 | ||
|---|---|---|---|
| 008 | 180718b1967 xxu||||| |||| 00| 0 eng d | ||
| 082 | _aJ7mtx5452 M267 | ||
| 245 | _aMadras metropolitan development plan | ||
| 260 |
_aMadras _bGovernment Of Madras _c1967 |
||
| 300 | _aii, 150p | ||
| 650 | _aMunicipal Government - India - Delhi | ||
| 999 |
_c416622 _d416622 |
||